000 00351nam a2200145Ia 4500
008 210210b1969 xxu||||| |||| 00| 0 eng d
082 _a581 SHEC
100 _aSHERIAR (K C) and others
245 _aCollege botany
260 _aBombay
_bMacmillan & Co. Ltd.
_c1969
300 _aviii,322
650 _aBotany
690 _aBotany
906 _a030218
999 _c81403
_d81403